00638nam a22002057a 4500003000400000008004100004082001700045100001900062245010900081260003900190300000900229502001700238650001300255650001000268650001100278650001100289942001100300999001700311952010400328OSt260513b |||||||| |||| 00| 0 eng d a633.11bS31S aShailesh Kumar aStudies on Effect of Plant Densities at Varying Fertility Levels on Irrigated Wheat /cby Shailesh Kumar a.- Pusa, Samastipurb: RAUc, 1991 a94p. bM. Sc.d1991 aAgronomy aWheat aThesis aM. Sc. 2ddccT c50571d50571 00102ddc4070aRAUbRAUd2026-05-13g0.00l0o633.11 S31Sp43243r2026-05-13w2026-05-13yTkGift